000 00666nam a2200229 a 4500
001 83683
003 BD-RjUL
005 20240508111551.0
008 240508s19521948enk 00011 eng d
035 _a(BD-RjUL)83683
040 _aANL
_beng
_dXCC
_cBD-RjUL
041 _aeng
082 1 _a823.912
_219
_bLEE 1952
100 1 _aJoyce, James
_d1882-1941.
245 1 4 _aThe essential James Joyce /
_cwith an introduction and notes by Harry Levin.
260 _aLondon :
_bJonathan Cape,
_c1952. [1948]
300 _a533 p. ;
_c21 cm.
600 1 0 _aJoyce, James,
_d1882-1941.
700 1 _aLevin, Harry,
_d1912-
_912898
942 _2ddc
_cBK
999 _c83683
_d83683